Impact of world vision cambodia development works in oudong district kompong speu province on thae target groups ឥទ្ធិពលនៃការងារអភិវឌ្ឍន៍របស់អង្គការទស្សនៈពិភពលោកកម្ពុជា ស្រុកឧដ្ដុង ខេត្ដកំពង់ស្ពឺ ទៅលើក្រុមគោដៅរបស់អង្គការ (Record no. 518)

000 -LEADER
fixed length control field 00782nam a22001577a 4500
003 - CONTROL NUMBER IDENTIFIER
control field OSt
005 - DATE AND TIME OF LATEST TRANSACTION
control field 20150915160744.0
008 - FIXED-LENGTH DATA ELEMENTS--GENERAL INFORMATION
fixed length control field 150915b xxu||||| |||| 00| 0 eng d
040 ## - CATALOGING SOURCE
Transcribing agency RUA
082 ## - DEWEY DECIMAL CLASSIFICATION NUMBER
Classification number AGR HAO 2002 B028 Or.1
100 ## - MAIN ENTRY--PERSONAL NAME
9 (RLIN) 538
Personal name HAO, PHA.
245 ## - TITLE STATEMENT
Title Impact of world vision cambodia development works in oudong district kompong speu province on thae target groups ឥទ្ធិពលនៃការងារអភិវឌ្ឍន៍របស់អង្គការទស្សនៈពិភពលោកកម្ពុជា ស្រុកឧដ្ដុង ខេត្ដកំពង់ស្ពឺ ទៅលើក្រុមគោដៅរបស់អង្គការ
260 ## - PUBLICATION, DISTRIBUTION, ETC. (IMPRINT)
Place of publication, distribution, etc. Phnom Penh
Name of publisher, distributor, etc. RUA
Date of publication, distribution, etc. 2002
300 ## - PHYSICAL DESCRIPTION
Extent 72p.
Other physical details ill.
Dimensions 29cm.
942 ## - ADDED ENTRY ELEMENTS (KOHA)
Source of classification or shelving scheme
Koha item type AGR
Holdings
Price effective from Date last seen Permanent Location Not for loan Date acquired Source of classification or shelving scheme Koha item type Lost status Withdrawn status Date last checked out Total Checkouts Shelving location Damaged status Barcode Current Location Full call number
2015-09-152015-09-15Library Block B 2015-09-15 AGR    B028 RUA002810Library Block BAGR HAO 2002 B028 Or.1
2015-09-152015-09-15Library Block B 2015-09-15 AGR    B028 RUA002738Library Block BAGR HAO 2002 B028 Or.2
2015-09-152015-09-15Library Block B 2015-09-15 AGR    B028 RUA002948Library Block BAGR HAO 2002 B028 Or.3
2015-09-152016-06-25Library Block B 2015-09-15 AGR  2016-06-111B028 RUA002882Library Block BAGR HAO 2002 B028 Or.4
2015-09-152015-09-15Library Block B 2015-09-15 AGR    B028 RUA002876Library Block BAGR HAO 2002 B028 Or.5
2025-07-232025-07-23Library Block B 2025-07-23 AGR    B028 A083713Library Block BAGR HAO 2002 B028 Or.1
មជ្ឈមណ្ឌលឯការនៃសាកលវិទ្យាល័យភូមិន្ទកសិកម្មចំការដូង

Powered by Koha